Kresťan wždicky se modlící anebo Modlitby swaté k času celého roku y každému y wsseligakému ...

Bibliographic Details
Main Author: Glosius, Ján (Author)
Format: Book
Language:English
PhysicalDescription:228, [6] s.
Published: [S.l. s.n.] [1727]

MARC

LEADER 00000nam a2200000 a 4500
001 vtls009934626
003 SK-MaSNL
005 20260301212329.0
008 240318 000 0 eng
040 |a SNK  |b slo  |c SNK  |e AACR2 
100 1 |a Glosius, Ján  |4 aut  |9 597688 
245 1 0 |a Kresťan wždicky se modlící anebo Modlitby swaté k času celého roku y každému y wsseligakému ... 
260 |a [S.l.  |b s.n.]  |c [1727] 
300 |a 228, [6] s. 
500 |a Náhradný titulný list 
999 |c 917875  |d 919805 
952 |a SNK  |b SNK  |y PREZ  |7 0  |p 17A0626311  |o snkSD 43955  |i snkK 2266/74  |8 3  |3 rekatalogizácia  |0 0  |1 0  |4 0  |d 2009-07-30  |l 0  |r 2026-02-24 08:06:03  |w 2026-02-24